000 00630nam a2200193Ia 4500
003 GCL
008 140319s9999 xx 000 0 ara d
040 _aGCL /
_cGCL
082 0 4 _aم
_b417.9535
_bف م
100 1 _aفالح حنظل
245 1 0 _aمعجم الالفاظ العامية فى دولة الامارات العربية المتحدة /
_cفالح حنظل
700 1 _aغسان الحسن
300 _a757 ص
490 _aماذا اعرف
_v0
650 0 4 _aالمعاجم
650 0 4 _aاللغة العربية - اللهجات
650 0 4 _aاللغة العربية - العامية
942 _2ddc
_cREF
999 _c59717
_d59717